Spolehlivost v elektroenergetice /

Saved in:
Bibliographic Details
Main Author: Tůma, Jiří (Author)
Format: Book
Language:Czech
Published: Praha : Conte spol. s r. o., [2006]
Edition:1. vydanie
Tags: Add Tag
No Tags, Be the first to tag this record!

MARC

LEADER 00000nam a22000003a 4500
001 0110149
003 SK-STU
005 20240620120157.5
007 ta
008 240620s ----xo-----e------000-0-----d
020 |a 80-239-6483-6 
040 |a STU  |b slo 
041 0 |a cze 
044 |a xr 
080 |a 621.31 
100 1 |a Tůma, Jiří  |4 aut 
245 1 0 |a Spolehlivost v elektroenergetice /  |c aut. Jiří Tůma 
250 |a 1. vydanie 
260 |a Praha :  |b Conte spol. s r. o.,  |c [2006] 
300 |a 291 s. 
996 |b 284EK90696  |c E* 90696  |l EE01  |s A  |a 24  |w 0110149_0001